[Event "Lloyds Bank Masters 07th"]
[Site "London"]
[Date "1983.08.28"]
[Round "5"]
[White "Law, Andrew P"]
[Black "Hund, Isabel"]
[Result "1/2-1/2"]
[WhiteElo "2340"]
[BlackElo "1910"]
[PlyCount "55"]
[EventDate "1983.08.24"]
[EventType "swiss"]
[EventRounds "9"]
[EventCountry "ENG"]
[SourceTitle "Britbase"]

1. d4 d5 2. c4 Bf5 3. cxd5 Bxb1 4. Qa4+ c6 5. Rxb1 Qxd5 6. Nf3 Nd7 7. a3 e5 8.
dxe5 Nxe5 9. Nxe5 Qxe5 10. Bf4 Qf5 11. Rd1 Nf6 12. e3 Nd5 13. Bg3 Nb6 14. Qd4
Qd5 15. Qxd5 Nxd5 16. Bc4 Nb6 17. Ba2 Be7 18. e4 Na4 19. Rd2 Rd8 20. Rxd8+ Bxd8
21. Kd2 Nc5 22. Kc2 Be7 23. f3 O-O 24. Rd1 Rd8 25. Rxd8+ Bxd8 26. Bd6 Ne6 27.
e5 g6 28. Bc4 1/2-1/2

[Event "Lloyds Bank Masters 07th"]
[Site "London"]
[Date "1983.08.28"]
[Round "5"]
[White "Levitt, Jonathan"]
[Black "Lane, Gary William"]
[Result "1-0"]
[WhiteElo "2315"]
[BlackElo "2270"]
[PlyCount "79"]
[EventDate "1983.08.24"]
[EventType "swiss"]
[EventRounds "9"]
[EventCountry "ENG"]
[SourceTitle "Britbase"]

1. Nf3 f5 2. g3 Nf6 3. Bg2 d6 4. d4 g6 5. O-O Bg7 6. c4 O-O 7. d5 c6 8. Nc3 Bd7
9. Nd4 Qb6 10. e3 Na6 11. Rb1 Nc7 12. b3 cxd5 13. cxd5 a5 14. Qd2 Qc5 15. Bb2
b5 16. Rbc1 Qb6 17. Nc6 e5 18. dxe6 Bxc6 19. Qxd6 Ra6 20. e7 Rb8 21. Bxc6 Qxc6
22. Qd8+ Nfe8 23. Qxb8 Ra8 24. Qd8 Ne6 25. Nxb5 Qxb5 26. Qxa8 Bxb2 27. Qc6 Qxc6
28. Rxc6 Kf7 29. Ra6 Bc3 30. Rc1 Bb4 31. Rc8 N6c7 32. Ra7 Nb5 33. Rd7 Nbd6 34.
Ra8 Nb5 35. a3 Bc3 36. Kf1 Nbd6 37. Ke2 Bf6 38. Rxa5 Bxe7 39. Re5 Nc8 40. a4
1-0

[Event "Lloyds Bank Masters 07th"]
[Site "London"]
[Date "1983.08.28"]
[Round "5"]
[White "Martin, Andrew D"]
[Black "Fischdick, Gisela"]
[Result "1/2-1/2"]
[WhiteElo "2340"]
[BlackElo "2180"]
[PlyCount "88"]
[EventDate "1983.08.24"]
[EventType "swiss"]
[EventRounds "9"]
[EventCountry "ENG"]
[SourceTitle "Britbase"]

1. d4 Nf6 2. c4 e6 3. Nf3 d5 4. Nc3 Bb4 5. Bg5 h6 6. Bxf6 Qxf6 7. Qb3 Bxc3+ 8.
Qxc3 c6 9. e3 O-O 10. Be2 Nd7 11. O-O dxc4 12. Bxc4 Nb6 13. Rac1 Bd7 14. Bb3
Rfd8 15. e4 Qf4 16. Rfe1 Be8 17. a3 Rac8 18. Qa5 Qc7 19. Qh5 Qd6 20. Qh4 Nd7
21. Rcd1 c5 22. h3 Qb6 23. Re3 c4 24. Bc2 Qxb2 25. Ne1 e5 26. dxe5 Qxe5 27. Rd5
Qf6 28. Qg3 Nb6 29. Rf5 Qg6 30. Qf4 Qd6 31. e5 Qd4 32. Qg3 Rc6 33. Rf4 Qd2 34.
Rg4 g6 35. e6 Rxe6 36. Rxe6 fxe6 37. Rxg6+ Bxg6 38. Qxg6+ Kf8 39. Qf6+ Kg8 40.
Qxe6+ Kf8 41. Qf6+ Kg8 42. Qe6+ Kf8 43. Qf6+ Kg8 44. Qg6+ Kf8 1/2-1/2

[Event "Lloyds Bank Masters 07th"]
[Site "London"]
[Date "1983.08.28"]
[Round "5"]
[White "Nunn, John DM"]
[Black "Heinbuch, Detlef"]
[Result "1-0"]
[WhiteElo "2590"]
[BlackElo "2280"]
[PlyCount "43"]
[EventDate "1983.08.24"]
[EventType "swiss"]
[EventRounds "9"]
[EventCountry "ENG"]
[SourceTitle "Britbase"]

1. e4 c5 2. Nf3 Nc6 3. d4 cxd4 4. Nxd4 Nf6 5. Nc3 d6 6. Bg5 e6 7. Qd2 a6 8.
O-O-O Bd7 9. Be2 Be7 10. f4 O-O 11. Nf3 b5 12. e5 b4 13. exf6 bxc3 14. Qxc3
gxf6 15. Bh6 Kh8 16. Bxf8 Qxf8 17. Nd4 Nxd4 18. Qxd4 Bc6 19. Bf3 Bxf3 20. gxf3
Qh6 21. Kb1 d5 22. c4 1-0

[Event "Lloyds Bank Masters 07th"]
[Site "London"]
[Date "1983.08.28"]
[Round "5"]
[White "Nykopp, Jan Michael F"]
[Black "Quinteros, Miguel"]
[Result "0-1"]
[WhiteElo "2280"]
[BlackElo "2500"]
[PlyCount "78"]
[EventDate "1983.08.24"]
[EventType "swiss"]
[EventRounds "9"]
[EventCountry "ENG"]
[SourceTitle "Britbase"]

1. e4 c5 2. Nf3 e6 3. d4 cxd4 4. Nxd4 Nf6 5. Nc3 d6 6. f4 a6 7. Qf3 Qb6 8. Nb3
Qc7 9. g4 b5 10. g5 Nfd7 11. a3 Nb6 12. Bg2 Nc4 13. Nd4 Nc6 14. Nxc6 Qxc6 15.
b3 Nb6 16. Bb2 Be7 17. Ne2 O-O 18. Qc3 Qxc3+ 19. Bxc3 Bb7 20. Bd4 Nd7 21. O-O
Rac8 22. Ra2 Rc7 23. Ng3 g6 24. h4 h6 25. Rf2 hxg5 26. hxg5 e5 27. Be3 exf4 28.
Bxf4 Nc5 29. e5 d5 30. e6 Rcc8 31. exf7+ Rxf7 32. c4 Nd3 33. Be3 Nxf2 34. Bxf2
bxc4 35. bxc4 Rxc4 36. Rb2 Bc6 37. Rd2 Rc1+ 38. Nf1 Rf5 39. Be3 d4 0-1

[Event "Lloyds Bank Masters 07th"]
[Site "London"]
[Date "1983.08.28"]
[Round "5"]
[White "Razuvaev, Yuri S"]
[Black "Murey, Jacob"]
[Result "1/2-1/2"]
[WhiteElo "2525"]
[BlackElo "2485"]
[PlyCount "44"]
[EventDate "1983.08.24"]
[EventType "swiss"]
[EventRounds "9"]
[EventCountry "ENG"]
[SourceTitle "Britbase"]

1. d4 Nf6 2. c4 e6 3. g3 d5 4. Nf3 dxc4 5. Bg2 c5 6. O-O cxd4 7. Nxd4 Qb6 8.
Qa4+ Bd7 9. Qxc4 Na6 10. Qb3 Nb4 11. a3 Bc5 12. axb4 Bxd4 13. Na3 O-O 14. Nc4
Qc7 15. Be3 Bxe3 16. Nxe3 Rfc8 17. Ra5 b6 18. Ra3 Rab8 19. Qa2 Qd6 20. Rxa7
Qxb4 21. Rd1 Bc6 22. Bxc6 Rxc6 1/2-1/2

[Event "Lloyds Bank Masters 07th"]
[Site "London"]
[Date "1983.08.28"]
[Round "5"]
[White "Rogers, Ian"]
[Black "Lucena, Lincoln"]
[Result "1-0"]
[WhiteElo "2450"]
[BlackElo "2305"]
[PlyCount "69"]
[EventDate "1983.08.24"]
[EventType "swiss"]
[EventRounds "9"]
[EventCountry "ENG"]
[SourceTitle "BritBase"]
[Source "John Saunders"]
[SourceDate "2022.12.30"]
[SourceVersion "1"]
[SourceVersionDate "2022.12.30"]
[SourceQuality "1"]

1. d4 Nf6 2. c4 e6 3. g3 d5 4. Bg2 Be7 5. Nf3 O-O 6. O-O c6 7. Nc3 Nbd7 8. b3
b6 9. Qc2 Ba6 10. Rd1 b5 11. Nd2 Rc8 12. e4 b4 13. Ne2 Qa5 14. Nf4 e5 15. dxe5
Nxe5 16. Bb2 dxc4 17. Nxc4 Bxc4 18. bxc4 Rcd8 19. Nd3 Nxd3 20. Rxd3 Rxd3 21.
Qxd3 Rd8 22. Qe2 Ne8 23. e5 Qc5 24. Rd1 Nc7 25. Rxd8+ Bxd8 26. Qe4 Qa5 27. Qxc6
Qxa2 28. Qd7 Qb1+ 29. Bf1 Ne6 30. Qe8+ Nf8 31. Bd4 Bb6 32. c5 Ba5 33. c6 Qc2
34. e6 fxe6 35. Qe7 {Source: Ian Rogers via Paul Summers (Australian Chess
Games - https://sites.google.com/view/australianchess/home)} 1-0

[Event "Lloyds Bank Masters 07th"]
[Site "London"]
[Date "1983.08.28"]
[Round "5"]
[White "Watson, William N"]
[Black "Popovych, Orest"]
[Result "1-0"]
[WhiteElo "2395"]
[BlackElo "2300"]
[PlyCount "73"]
[EventDate "1983.08.24"]
[EventType "swiss"]
[EventRounds "9"]
[EventCountry "ENG"]
[SourceTitle "Britbase"]

1. e4 c5 2. Nc3 Nc6 3. Nf3 e6 4. d4 cxd4 5. Nxd4 a6 6. Bf4 d6 7. Bg3 Nf6 8.
Nxc6 bxc6 9. e5 Nd5 10. exd6 Bxd6 11. Ne4 Be7 12. c4 Qa5+ 13. Nd2 Nf6 14. Bd3
Ra7 15. O-O Rd7 16. Nf3 Bb7 17. Ne5 Rd4 18. a3 Qd8 19. Qf3 Qa8 20. Qd1 c5 21.
Qa4+ Kf8 22. f3 Bd6 23. Rad1 Qb8 24. Rfe1 h5 25. h4 Kg8 26. Bc2 g5 27. Rxd4
cxd4 28. hxg5 h4 29. gxf6 hxg3 30. Qd7 Qf8 31. Qxb7 d3 32. Bxd3 Bxa3 33. Nd7
Bc5+ 34. Kf1 Qd8 35. Nxc5 Qxf6 36. Qb8+ Kg7 37. Qxg3+ 1-0

[Event "Lloyds Bank Masters 07th"]
[Site "London"]
[Date "1983.08.29"]
[Round "6"]
[White "Barua, Dibyendu"]
[Black "Bilek, Istvan"]
[Result "1/2-1/2"]
[WhiteElo "2475"]
[BlackElo "2405"]
[PlyCount "69"]
[EventDate "1983.08.24"]
[EventType "swiss"]
[EventRounds "9"]
[EventCountry "ENG"]
[SourceTitle "Britbase"]

1. e4 c5 2. Nf3 g6 3. d4 Bg7 4. dxc5 Qa5+ 5. Bd2 Qxc5 6. Bc3 Nf6 7. Bd3 d6 8.
O-O Nc6 9. b3 O-O 10. Bb2 d5 11. exd5 Nxd5 12. Bxg7 Kxg7 13. Nbd2 Rd8 14. Qe1
Ndb4 15. Ne4 Nxd3 16. Nxc5 Nxe1 17. Rfxe1 b6 18. Nd3 f6 19. Rad1 e5 20. Nb2 Bg4
21. c3 Rac8 22. Nc4 Rc7 23. h3 Be6 24. Ne3 Rcd7 25. Rxd7+ Rxd7 26. Rd1 Rxd1+
27. Nxd1 f5 28. Kf1 Kf6 29. h4 h6 30. Ke2 b5 31. Nd2 a5 32. f3 Ke7 33. Kd3 Kd6
34. Ne3 Kc5 35. a3 1/2-1/2

[Event "Lloyds Bank Masters 07th"]
[Site "London"]
[Date "1983.08.29"]
[Round "6"]
[White "Cox, John J"]
[Black "Hartston, William Roland"]
[Result "1/2-1/2"]
[WhiteElo "2355"]
[BlackElo "2445"]
[PlyCount "90"]
[EventDate "1983.08.24"]
[EventType "swiss"]
[EventRounds "9"]
[EventCountry "ENG"]
[SourceTitle "Britbase"]

1. c4 c6 2. Nf3 d5 3. d4 Nf6 4. Qb3 e6 5. g3 Nbd7 6. Nc3 Be7 7. Bg2 O-O 8. O-O
Nb6 9. c5 Nbd7 10. Qc2 b6 11. cxb6 axb6 12. e4 Ba6 13. Rd1 dxe4 14. Nxe4 Nxe4
15. Qxe4 Bc4 16. Qxc6 Bb3 17. Re1 Rxa2 18. Rxa2 Bxa2 19. Nd2 Nb8 20. Qa8 Bd5
21. Bxd5 exd5 22. Nf3 Bb4 23. Re2 Qc7 24. Bf4 Qc4 25. Re5 Rd8 26. Re3 Qc6 27.
Qxc6 Nxc6 28. Bc7 Rc8 29. Bxb6 f6 30. Re2 Kf7 31. Rc2 Ke6 32. Kf1 Kd7 33. Ne1
Rb8 34. Bc5 Bxc5 35. dxc5 Nb4 36. Rc3 Nc6 37. Nd3 Ne5 38. Nxe5+ fxe5 39. Ra3
Rxb2 40. Ra7+ Kc6 41. Rxg7 d4 42. Rxh7 d3 43. Ke1 Kxc5 44. Rd7 e4 45. h4 Kc4
1/2-1/2

[Event "Lloyds Bank Masters 07th"]
[Site "London"]
[Date "1983.08.29"]
[Round "6"]
[White "Fischdick, Gisela"]
[Black "Conquest, Stuart"]
[Result "0-1"]
[WhiteElo "2180"]
[BlackElo "2255"]
[PlyCount "80"]
[EventDate "1983.08.24"]
[EventType "swiss"]
[EventRounds "9"]
[EventCountry "ENG"]
[SourceTitle "Britbase"]

1. d4 Nf6 2. c4 c5 3. d5 b5 4. Nf3 g6 5. a4 bxc4 6. Nc3 Bg7 7. e4 O-O 8. Bxc4
d6 9. O-O Ba6 10. Nd2 Qc8 11. Qe2 Nfd7 12. f4 Nb6 13. Nb5 Bb7 14. a5 Nxc4 15.
Nxc4 Ba6 16. Nba3 Nd7 17. Qc2 f5 18. Re1 Nf6 19. exf5 Qxf5 20. Qxf5 gxf5 21.
Rxe7 Nxd5 22. Re1 Bd4+ 23. Kh1 Nb4 24. Re6 Rae8 25. Rxe8 Rxe8 26. Bd2 Nd3 27.
Bc3 Nf2+ 28. Kg1 Nd1+ 29. Kh1 Nf2+ 30. Kg1 Nd1+ 31. Kh1 Nxc3 32. bxc3 Bxc3 33.
Nxd6 Re6 34. Rd1 Be2 35. Rd5 Bc4 36. Rd1 Bb3 37. Rc1 Rxd6 38. Nb5 Bb2 39. Nxd6
Bxc1 40. Nxf5 Bxf4 0-1

[Event "Lloyds Bank Masters 07th"]
[Site "London"]
[Date "1983.08.29"]
[Round "6"]
[White "Heinbuch, Detlef"]
[Black "King, Daniel J"]
[Result "0-1"]
[WhiteElo "2280"]
[BlackElo "2395"]
[PlyCount "127"]
[EventDate "1983.08.24"]
[EventType "swiss"]
[EventRounds "9"]
[EventCountry "ENG"]
[SourceTitle "Britbase"]

1. c4 c5 2. Nc3 b6 3. Nf3 Bb7 4. g3 Bxf3 5. exf3 Nc6 6. Bg2 g6 7. d3 Bg7 8. Be3
e6 9. O-O Nge7 10. Qd2 O-O 11. Bh6 Bxh6 12. Qxh6 d5 13. Rad1 Rc8 14. Rfe1 Rc7
15. Qc1 Rd7 16. f4 Nd4 17. Kf1 Qb8 18. cxd5 Nxd5 19. Nxd5 exd5 20. Re5 Qd8 21.
b3 Nc6 22. Re3 Qf6 23. Rd2 a5 24. Qb2 Qxb2 25. Rxb2 Nd4 26. h4 Rfd8 27. Bh3 Ra7
28. h5 Kg7 29. Bg4 b5 30. Re1 b4 31. Rc1 Rc7 32. Re1 f6 33. Ra1 Rb8 34. Re1 Ra8
35. Be6 Rd8 36. Bg4 Kf7 37. Ra1 Rb8 38. Re1 Ra8 39. Bd1 Re7 40. Re3 Rae8 41.
Rxe7+ Kxe7 42. Ke1 Kd6+ 43. Kd2 Ra8 44. Rb1 Nb5 45. Ra1 Kc6 46. Bc2 Re8 47.
hxg6 hxg6 48. Rh1 Nc3 49. Bd1 c4 50. Bf3 cxb3 51. axb3 Ra8 52. Bd1 Kc5 53. Re1
Nxd1 54. Rxd1 a4 55. bxa4 Rxa4 56. Ke3 b3 57. Rb1 Kb4 58. Kd4 Ra5 59. g4 Rb5
60. g5 f5 61. Ke5 Kc3 62. d4 b2 63. Kf6 Rb6+ 64. Ke5 0-1

[Event "Lloyds Bank Masters 07th"]
[Site "London"]
[Date "1983.08.29"]
[Round "6"]
[White "Jacobs, Byron A"]
[Black "Keene, Raymond D"]
[Result "0-1"]
[WhiteElo "2255"]
[BlackElo "2495"]
[PlyCount "90"]
[EventDate "1983.08.24"]
[EventType "swiss"]
[EventRounds "9"]
[EventCountry "ENG"]
[SourceTitle "Britbase"]

1. Nf3 Nf6 2. d4 d6 3. c4 Bg4 4. e3 Nbd7 5. Nc3 e5 6. Be2 Be7 7. O-O O-O 8. b3
Re8 9. Bb2 Bf8 10. h3 Bh5 11. Qd2 c6 12. b4 e4 13. Ne1 Bxe2 14. Qxe2 d5 15. Nc2
Nb6 16. c5 Nc4 17. Na3 Nxa3 18. Bxa3 b5 19. cxb6 axb6 20. Qb2 Bd6 21. Qb3 Nh5
22. Bb2 Qg5 23. Ne2 Re6 24. Kh1 Rg6 25. Rg1 Qh4 26. Rgf1 Re8 27. Qa4 b5 28. Qa6
Bxb4 29. Rac1 Qg5 30. Rg1 Qf6 31. Rgf1 h6 32. Ba3 Bxa3 33. Qxa3 Re6 34. Qa8+
Kh7 35. Qb8 Rxg2 36. Kxg2 Qf3+ 37. Kh2 Qxe2 38. Rg1 Qxf2+ 39. Rg2 Qxe3 40. Rf1
Qxd4 41. Rf5 Rg6 42. Rxh5 Rxg2+ 43. Kxg2 Qd2+ 44. Kg3 Qe3+ 45. Kh4 g5+ 0-1

[Event "Lloyds Bank Masters 07th"]
[Site "London"]
[Date "1983.08.29"]
[Round "6"]
[White "Johansen, Darryl Keith"]
[Black "Nunn, John DM"]
[Result "0-1"]
[WhiteElo "2485"]
[BlackElo "2590"]
[PlyCount "82"]
[EventDate "1983.08.24"]
[EventType "swiss"]
[EventRounds "9"]
[EventCountry "ENG"]
[SourceTitle "Britbase"]

1. d4 Nf6 2. Nf3 g6 3. c4 Bg7 4. Nc3 O-O 5. e4 d6 6. Bd3 Nbd7 7. O-O e5 8. Bc2
exd4 9. Nxd4 Ne5 10. b3 c6 11. h3 Re8 12. Bg5 Qa5 13. Qd2 h6 14. Be3 Ned7 15.
Rfe1 Nc5 16. Rad1 Bd7 17. Nde2 Rad8 18. f3 Kh7 19. Qxd6 Na6 20. Qh2 Be6 21. e5
Nd7 22. f4 Nxe5 23. Qg3 Nb4 24. Bb1 Ned3 25. Rf1 Bf5 26. Kh2 Rd7 27. Bg1 Red8
28. Qf3 Ne5 29. fxe5 Qxe5+ 30. Kh1 Rxd1 31. Rxd1 Rxd1 32. Nxd1 Bxb1 33. Ndc3
Bf5 34. Bxa7 Nxa2 35. Nxa2 Qa5 36. Bd4 Qxa2 37. Bxg7 Kxg7 38. Qc3+ Kg8 39. Nd4
Be4 40. Nf3 Qf2 41. Ne1 c5 0-1

[Event "Lloyds Bank Masters 07th"]
[Site "London"]
[Date "1983.08.29"]
[Round "6"]
[White "Kosten, Anthony C"]
[Black "Razuvaev, Yuri S"]
[Result "1/2-1/2"]
[WhiteElo "2395"]
[BlackElo "2525"]
[PlyCount "44"]
[EventDate "1983.08.24"]
[EventType "swiss"]
[EventRounds "9"]
[EventCountry "ENG"]
[SourceTitle "Britbase"]

1. e4 c5 2. Nf3 e6 3. d4 cxd4 4. Nxd4 Nf6 5. Nc3 d6 6. Be2 Be7 7. O-O O-O 8. f4
Nc6 9. Be3 e5 10. Nb3 exf4 11. Bxf4 Be6 12. Kh1 d5 13. e5 Nd7 14. Nxd5 Ndxe5
15. c4 Bg5 16. Qc1 Bxf4 17. Nxf4 Bg4 18. Bxg4 Nxg4 19. h3 Nge5 20. Qc3 Qh4 21.
Rad1 Rae8 22. Nd4 Nxd4 1/2-1/2

[Event "Lloyds Bank Masters 07th"]
[Site "London"]
[Date "1983.08.29"]
[Round "6"]
[White "Lane, Gary William"]
[Black "Kopec, Danny"]
[Result "0-1"]
[WhiteElo "2270"]
[BlackElo "2340"]
[PlyCount "102"]
[EventDate "1983.08.24"]
[EventType "swiss"]
[EventRounds "9"]
[EventCountry "ENG"]
[SourceTitle "Britbase"]

1. e4 c5 2. Nc3 Nc6 3. g3 g6 4. Bg2 Bg7 5. d3 e6 6. Be3 Nd4 7. Nce2 d6 8. c3
Nc6 9. Qd2 Nf6 10. h3 Rb8 11. f4 b5 12. a3 Bb7 13. g4 Nd7 14. Nf3 a5 15. O-O
O-O 16. Ng3 b4 17. axb4 axb4 18. f5 exf5 19. gxf5 bxc3 20. bxc3 Nce5 21. Bh6
Bxh6 22. Qxh6 Qf6 23. Nh2 g5 24. Qh5 Nxd3 25. Ng4 Qg7 26. f6 Qg6 27. Rf5 Nf4
28. Qxg5 Nxg2 29. Kxg2 Rfd8 30. Qf4 Kh8 31. Re1 Ne5 32. Nxe5 dxe5 33. Rxe5 Rg8
34. Rg1 Bc8 35. Kf3 Bxh3 36. Ne2 Bg2+ 37. Ke3 Rb6 38. Rf5 Re6 39. e5 Rge8 40.
Kf2 Ra8 41. Ke3 Rae8 42. Ng3 Bh3 43. Rh5 c4 44. Rxh3 Rxe5+ 45. Kf3 Qd3+ 46. Kg4
Rg8+ 47. Kh4 Qg6 48. Rh2 Rg5 49. Kh3 Rg4 50. Qd6 Qg5 51. Rf2 Qh4+ 0-1

[Event "Lloyds Bank Masters 07th"]
[Site "London"]
[Date "1983.08.29"]
[Round "6"]
[White "Levitt, Jonathan"]
[Black "Murey, Jacob"]
[Result "1-0"]
[WhiteElo "2315"]
[BlackElo "2485"]
[PlyCount "61"]
[EventDate "1983.08.24"]
[EventType "swiss"]
[EventRounds "9"]
[EventCountry "ENG"]
[SourceTitle "Britbase"]

1. d4 Nf6 2. c4 g6 3. g3 Bg7 4. Bg2 O-O 5. Nc3 d6 6. Nf3 Bg4 7. O-O Qc8 8. Re1
Nc6 9. d5 Na5 10. Qd3 Nd7 11. b4 Bxf3 12. exf3 Ne5 13. Rxe5 Bxe5 14. bxa5 Qf5
15. Qd2 c5 16. f4 Bg7 17. Bb2 b6 18. a6 Rad8 19. Nb5 Rd7 20. Bxg7 Kxg7 21. Re1
Rfd8 22. a4 e6 23. Qc3+ Kh6 24. Be4 Qh3 25. Bg2 Qf5 26. Bf3 Qh3 27. g4 e5 28.
fxe5 dxe5 29. g5+ Kg7 30. Qxe5+ Kg8 31. Qf4 1-0

[Event "Lloyds Bank Masters 07th"]
[Site "London"]
[Date "1983.08.29"]
[Round "6"]
[White "Popovych, Orest"]
[Black "Nykopp, Jan Michael F"]
[Result "0-1"]
[WhiteElo "2300"]
[BlackElo "2280"]
[PlyCount "75"]
[EventDate "1983.08.24"]
[EventType "swiss"]
[EventRounds "9"]
[EventCountry "ENG"]
[SourceTitle "Britbase"]

1. e4 c5 2. Nf3 Nc6 3. d4 cxd4 4. Nxd4 Nf6 5. Nc3 d6 6. Bg5 Qb6 7. Nb3 e6 8.
Bd3 Be7 9. O-O O-O 10. Qe2 a6 11. Kh1 Qc7 12. f4 b5 13. Rae1 b4 14. e5 dxe5 15.
Bxf6 Bxf6 16. Ne4 Be7 17. Ng5 f5 18. Qh5 Bxg5 19. fxg5 Ne7 20. Re3 Nd5 21. Rh3
g6 22. Qh6 Rf7 23. Nd2 Bb7 24. Bc4 Re8 25. b3 Nf4 26. Rg3 Bd5 27. Qh4 Rd7 28.
Bxd5 Rxd5 29. Nc4 Rd4 30. Qh6 Red8 31. Rgf3 Nh5 32. g3 Rd1 33. Rxd1 Rxd1+ 34.
Kg2 Qc5 35. Ne3 Rd2+ 36. Kh3 e4 37. Nc4 exf3 38. Nxd2 0-1

[Event "Lloyds Bank Masters 07th"]
[Site "London"]
[Date "1983.08.29"]
[Round "6"]
[White "Quinteros, Miguel"]
[Black "Wicker, Kevin J"]
[Result "0-1"]
[WhiteElo "2500"]
[BlackElo "2280"]
[PlyCount "106"]
[EventDate "1983.08.24"]
[EventType "swiss"]
[EventRounds "9"]
[EventCountry "ENG"]
[SourceTitle "Britbase"]

1. c4 e5 2. Nc3 Nf6 3. e3 d6 4. d4 Nbd7 5. g3 g6 6. Bg2 Bg7 7. Nge2 O-O 8. O-O
Re8 9. Qc2 c6 10. Rd1 Qc7 11. b3 h6 12. Ba3 Bf8 13. e4 Nh7 14. Rd2 Ndf6 15. h3
Bd7 16. Kh2 Rad8 17. f4 Qa5 18. Bb2 exd4 19. Nxd4 Qh5 20. Qd1 Bg4 21. Qf1 Bc8
22. Kg1 Qa5 23. Rad1 Nh5 24. g4 Ng7 25. f5 g5 26. a3 Nf6 27. b4 Qc7 28. Ndb5
Qb6+ 29. c5 dxc5 30. Na4 Rxd2 31. Nxb6 Rxb2 32. Nc4 Rxg2+ 33. Qxg2 cxb5 34. Ne3
Rxe4 35. Nd5 Nge8 36. Nc3 Rc4 37. Nxb5 cxb4 38. axb4 Rxb4 39. Qc2 Bd7 40. Nc3
Bc6 41. Rd8 Bc5+ 42. Kf1 Kg7 43. Nd5 Bb5+ 44. Kg2 Rc4 45. Qb3 a6 46. Nxf6 Nxf6
47. Qb2 Bb4 48. Ra8 Bc3 49. Qa3 Bc6+ 50. Kf2 Bb4 51. Qb2 Be4 52. Qe5 Rc2+ 53.
Kg1 Bd3 0-1

[Event "Lloyds Bank Masters 07th"]
[Site "London"]
[Date "1983.08.29"]
[Round "6"]
[White "Tarjan, James E"]
[Black "Ravikumar, Vaidyanathan"]
[Result "0-1"]
[WhiteElo "2535"]
[BlackElo "2390"]
[PlyCount "118"]
[EventDate "1983.08.24"]
[EventType "swiss"]
[EventRounds "9"]
[EventCountry "ENG"]
[SourceTitle "Britbase"]

1. d4 Nf6 2. c4 c5 3. d5 d6 4. Nc3 g6 5. e4 Bg7 6. Bd3 O-O 7. h3 a6 8. a4 e5 9.
Nge2 b6 10. Bg5 h6 11. Be3 Kh7 12. Qd2 Nbd7 13. f3 Nh5 14. h4 Ra7 15. g3 f5 16.
O-O-O f4 17. Bf2 fxg3 18. Nxg3 Nxg3 19. Bxg3 Rxf3 20. Qg2 Rf8 21. Rdg1 Qe8 22.
Be1 Nf6 23. Be2 Nh5 24. Qh2 Nf4 25. h5 g5 26. Kc2 Nxe2 27. Qxe2 Raf7 28. Rg3
Rf4 29. b3 Qf7 30. Qg2 Rf1 31. a5 bxa5 32. Na4 Rxh1 33. Qxh1 Qf4 34. Qg2 Bd7
35. Nb6 Be8 36. Rh3 a4 37. bxa4 Qf1 38. Qxf1 Rxf1 39. Kd2 g4 40. Rh2 Rf4 41.
Nc8 Bf8 42. Bg3 Rf3 43. Bh4 Bxh5 44. Be7 g3 45. Rh1 Rf2+ 46. Ke3 Re2+ 47. Kd3
g2 48. Rg1 Bxe7 49. Nxe7 Bf3 50. Nf5 Rxe4 51. Nxd6 Rh4 52. Ke3 Rh1 53. Kf2 Kg6
54. Nb7 e4 55. Rxg2+ Bxg2 56. Kxg2 Rc1 57. d6 Rd1 58. Nxc5 Rxd6 59. Nxe4 Rd4
0-1

[Event "Lloyds Bank Masters 07th"]
[Site "London"]
[Date "1983.08.29"]
[Round "6"]
[White "Thipsay, Praveen Mahadeo"]
[Black "Rogers, Ian"]
[Result "1/2-1/2"]
[WhiteElo "2425"]
[BlackElo "2450"]
[PlyCount "125"]
[EventDate "1983.08.24"]
[EventType "swiss"]
[EventRounds "9"]
[EventCountry "ENG"]
[SourceTitle "BritBase"]
[Source "John Saunders"]
[SourceDate "2022.12.30"]
[SourceVersion "1"]
[SourceVersionDate "2022.12.30"]
[SourceQuality "1"]

1. e4 d5 2. exd5 Qxd5 3. Nc3 Qa5 4. d4 Nf6 5. Nf3 c6 6. Bc4 Bg4 7. h3 Bh5 8.
Bd2 e6 9. g4 Bg6 10. Qe2 Bb4 11. Ne5 Nbd7 12. O-O-O O-O-O 13. h4 Nxe5 14. dxe5
Rxd2 15. Qxd2 Bxc3 16. Qxc3 Qxc3 17. bxc3 Nxg4 18. Rhe1 Nxf2 19. Rd4 h5 20. Rf4
Ng4 21. Bd3 Bxd3 22. cxd3 Nh6 23. Kc2 Nf5 24. Ra4 Kb8 25. Rb1 Rd8 26. Rab4 b6
27. Kd2 Rd5 28. Re4 Kc7 29. Ra4 Kb7 30. Re4 g6 31. Rb3 Rd8 32. Rb1 c5 33. c4
Kc6 34. Rg1 a6 35. a4 Rd7 36. Kc2 Ra7 37. Ra1 Ra8 38. Kc3 Rg8 39. Rg1 b5 40.
axb5+ axb5 41. cxb5+ Kxb5 42. Rb1+ Kc6 43. Ra4 Kd5 44. Rb7 Nd4 45. Rxf7 Rb8 46.
Rg7 Rb3+ 47. Kd2 Rb2+ 48. Kd1 Rg2 49. Ke1 Kxe5 50. Ra5 Kf6 51. Rc7 Rg3 52.
Raxc5 Rxd3 53. Rc4 e5 54. Ra4 Kf5 55. Rf7+ Ke4 56. Kf2 Rd2+ 57. Kg3 Kd5 58. Rf6
Rd1 59. Kf2 Rh1 60. Rxg6 Rxh4 61. Rg5 Ke4 62. Kg3 Rh1 63. Kg2 {Source: Ian
Rogers via Paul Summers (Australian Chess Games - https://sites.google.com/
view/australianchess/home)} 1/2-1/2